000
00317nam a2200133Ia 4500
005
20260328101440.0
008
260328s9999||||xx |||||||||||||| ||und||
100
_a
Hart, Spencer
245
0
_a
Frank Lloyd Wright /
_c
Spencer Hart
260
_b
Barnes & Noble
300
_a
128 p.
650
_a
ARQUITECTOS
942
_c
BK
999
_c
8224
_d
8224